అష్టకవర్గు పద్ధతి / (Record no. 24746)

MARC details
000 -LEADER
fixed length control field 01420nam a22002897a 4500
005 - DATE AND TIME OF LATEST TRANSACTION
control field 20090304113225.0
008 - FIXED-LENGTH DATA ELEMENTS--GENERAL INFORMATION
fixed length control field 090212t xxu||||| |||| 00| 0 eng d
010 ## - LCCN (DPL NO)
LC control number TEL-5041
020 ## - INTERNATIONAL STANDARD BOOK NUMBER
Terms of availability Rs.45.00
035 ## - SYSTEM CONTROL NUMBER
System control number TL-4047
037 ## - SOURCE OF ACQUISITION
Source of stock number/acquisition DBAD / PUB
040 ## - CATALOGING SOURCE
Original cataloging agency dpl
Language of cataloging Telugu
082 ## - DEWEY DECIMAL CLASSIFICATION NUMBER
Classification number 133.3
100 ## - MAIN ENTRY--PERSONAL NAME
Personal name వెంకట రామన్, బెంగుళూరు
245 ## - TITLE STATEMENT
Title అష్టకవర్గు పద్ధతి /
Statement of responsibility, etc బెంగుళూరు వెంకట రామన్ ; తెలుగు అనువాదం కే.వి.మల్లికార్జునరావు
246 ## - VARYING FORM OF TITLE
Title proper/short title Ashtakavargu paddati
Remainder of title Bangalore venkat raman; translated by K.V.Mallikarjuna rao
260 ## - PUBLICATION, DISTRIBUTION, ETC. (IMPRINT)
Place of publication, distribution, etc విజయవాడ
Name of publisher, distributor, etc ఋషి ప్రచురణలు
Date of publication, distribution, etc 2008
270 ## - ADDRESS
Address మెయిన్ రోడ్, హనుమాన్ పేట
City విజయవాడ
Postal code 520 003
300 ## - PHYSICAL DESCRIPTION
Extent 144పే.
Dimensions 23 సె.మీ.
490 ## - SERIES STATEMENT
Series statement డాక్టర్ బి.వి.రామన్ జ్యోతిష గ్రంథావళి
650 ## - SUBJECT ADDED ENTRY--TOPICAL TERM
Topical term or geographic name as entry element రాశి చక్రము
650 ## - SUBJECT ADDED ENTRY--TOPICAL TERM
Topical term or geographic name as entry element Horoscope
650 ## - SUBJECT ADDED ENTRY--TOPICAL TERM
Topical term or geographic name as entry element జ్యోతిష్యము
650 ## - SUBJECT ADDED ENTRY--TOPICAL TERM
Topical term or geographic name as entry element Astrology
942 ## - ADDED ENTRY ELEMENTS (KOHA)
Source of classification or shelving scheme Dewey Decimal Classification
Item type Telugu
Classification part 133.3
Call number suffix / VEN
Holdings
Withdrawn status Lost status Source of classification or shelving scheme Damaged status Not for loan Home library Current library Date acquired Cost, normal purchase price Total Checkouts Full call number Barcode Date last seen Cost, replacement price Koha item type
    Dewey Decimal Classification     D.B.Act.Division D.B.Act.Division 04/03/2009 45.00   133.3 / VEN TL-4047 04/03/2009 45.00 Telugu

© Delhi Public Library
Hit Counter
free hit counter